|
|
|
|
| LEADER |
00000nab a2200000 a 4500 |
| 001 |
vtls000561776 |
| 003 |
SK-MaSNL |
| 005 |
20260303015413.0 |
| 008 |
120929c1995 xo 0 slo |
| 015 |
|
|
|a SNBRB19rr/mm-uuuuu
|
| 035 |
|
|
|a CL0561914
|
| 040 |
|
|
|a SNKBUCL
|b slo
|c SNKBUCL
|e AACR2
|
| 041 |
0 |
|
|a slo
|
| 044 |
|
|
|a xo
|c SK
|
| 080 |
|
|
|a 256
|2 1981
|
| 100 |
1 |
|
|a Pauliny, Peter
|4 aut
|9 554991
|
| 245 |
1 |
0 |
|a To nás zachránilo
|c Peter Pauliny
|
| 650 |
0 |
7 |
|a hnutia laické
|2 snkbucl
|9 998253
|
| 655 |
|
7 |
|a články z novín a časopisov
|2 snkbucl
|9 267496
|
| 700 |
1 |
|
|a Krčméry, Silvester,
|d 1924-2013
|4 aut
|9 113414
|
| 773 |
0 |
|
|t Katolícke noviny
|g Roč. 110, č. 36 (1995), s. 11
|x 0139-8512
|
| 787 |
0 |
8 |
|i Rec.:
|a Krčméry, Silvester
|t To nás zachránilo
|d Bratislava : LÚČ a SIGNUM, 1995
|
| 850 |
|
|
|a Slovenská národná knižnica v Martine
|a MTA001
|
| 852 |
|
|
|a SNK
|b KIS3GCP
|
| 958 |
|
|
|a RK
|
| 992 |
|
|
|a RBX
|
| 999 |
|
|
|c 1612621
|d 1614551
|